| 000 | 01156cam a2200265 4500 | ||
|---|---|---|---|
| 001 | L158293 | ||
| 008 | 040913n2014 000 0 eng u | ||
| 035 | _a(Sirsi) u158293 | ||
| 041 | _aeng | ||
| 110 | 2 |
_aRoyal Institution of Chartered Surveyors _94900 |
|
| 245 | 0 | 0 |
_aMeasuring 'green value' _ban international perspective _h[electronic resource] |
| 260 |
_aLondon _bRICS _c2014 |
||
| 490 | 0 | _aRICS Research | |
| 520 | _aProvides insight into the pricing of sustainable real estate. Three international case studies of "green value" were conducted (one each in Finland, Japan and the United States) and conclusions drawn from these results regarding the existence of a green premium across countries and property types. | ||
| 650 | 2 | 4 | _aENERGY EFFICIENCY RATING |
| 651 | 4 | _aENGLAND AND WALES | |
| 690 |
_aValuation _96273 |
||
| 690 |
_aEnergy _96237 |
||
| 700 | 1 | _aFuerst, Franz | |
| 700 | 1 | _aOikarinen, Elias | |
| 700 | 1 | _aShimizu, Chihiro | |
| 700 | 1 | _aSzumilo, Nikodem | |
| 856 | 4 | 8 |
_uhttps://www.propertyresearchtrust.org/uploads/1/3/4/8/134819607/measuring_green_value.pdf _zAvailable from the Property Research Trust |
| 942 |
_n0 _2ddc |
||
| 999 |
_c115250 _d115250 |
||